Organizace a řízení ve VD

Saved in:
Bibliographic Details
Main Author: Hlinovský, Václav
Other Authors: Šrámek, Milan, Šťastný, Jiří
Format: Book
Language:Czech
Published: Praha Svépomoc 1985
Tags: Add Tag
No Tags, Be the first to tag this record!

MARC

LEADER 00000nam a2200000 4500
001 c104952
005 20041019155133.5
041 0 |a cze 
044 |a CZ 
245 1 0 |a Organizace a řízení ve VD  |c Václav Hlinovský, Milan Šrámek, Jiří Šťastný 
264 1 |a Praha  |b Svépomoc  |c 1985 
300 |a 187 s. 
100 1 |a Hlinovský, Václav 
700 1 |a Šrámek, Milan 
700 1 |a Šťastný, Jiří